[Event "CRO-ch U19 Girls"]
[Site "Topusko"]
[Date "2011.07.24"]
[Round "1"]
[White "Cacic, Marija"]
[Black "Ivekovic, Ana"]
[Result "0-1"]
[WhiteElo "1643"]
[BlackElo "1991"]
[PlyCount "74"]
[EventDate "2011.07.24"]
[EventType "tourn"]
[EventRounds "10"]
[EventCountry "CRO"]
[SourceTitle "EXT 2012"]
[Source "ChessBase"]
[SourceDate "2011.11.24"]
[SourceVersion "1"]
[SourceVersionDate "2011.11.24"]
[SourceQuality "1"]

1. d4 Nf6 2. c4 e6 3. Nf3 c5 4. Nc3 cxd4 5. Nxd4 Nc6 6. e3 Bb4 7. Bd2 0-0 8. a3 Be7 9. Bd3 Nxd4 10. exd4 d5 11. c5 Ne8 12. Qh5 g6 13. Qe2 Bf6 14. Be3 Nc7 15. 0-0 e5 16. dxe5 Bxe5 17. Bh6 Re8 18. Qd2 Qh4 19. g3 Qh5 20. Rfe1 Bg4 21. Bf1 Rad8 22. Bf4 Bxf4 23. Qxf4 Ne6 24. Qb4 Ng5 25. Bg2 Nf3+ 26. Bxf3 Bxf3 27. h4 Qf5 28. Kh2 Rxe1 29. Rxe1 d4 30. Nd1 Bxd1 31. Rxd1 Qxf2+ 32. Kh3 h5 33. Qd2 Qf5+ 34. Kh2 Qxc5 35. b4 Qd5 36. Qd3 Re8 37. Qxd4 Re2+ 0-1

[Event "Valpovo op (Women)"]
[Site "Valpovo"]
[Date "2010.12.05"]
[Round "7"]
[White "Cacic, Marija"]
[Black "Purgar, Ivona"]
[Result "0-1"]
[WhiteElo "1634"]
[BlackElo "2091"]
[PlyCount "30"]
[EventDate "2010.12.03"]
[EventType "swiss"]
[EventRounds "7"]
[EventCountry "CRO"]
[SourceTitle "CBM 139 Extra"]
[Source "ChessBase"]
[SourceDate "2011.01.05"]
[SourceVersion "1"]
[SourceVersionDate "2011.01.05"]
[SourceQuality "1"]

1. d4 Nf6 2. c4 g6 3. Nc3 d5 4. e3 Bg7 5. Nf3 0-0 6. Qb3 dxc4 7. Bxc4 Nc6 8. Be2 Na5 9. Qb4 Nc6 10. Qb3 b6 11. 0-0 Bb7 12. Bd2 Rc8 13. Rac1 Na5 14. Qa3 Bxf3 15. Bxf3 Nc4 0-1

[Event "Valpovo op (Women)"]
[Site "Valpovo"]
[Date "2010.12.05"]
[Round "6"]
[White "Kanceljak, Dalia"]
[Black "Cacic, Marija"]
[Result "1/2-1/2"]
[WhiteElo "1906"]
[BlackElo "1634"]
[PlyCount "88"]
[EventDate "2010.12.03"]
[EventType "swiss"]
[EventRounds "7"]
[EventCountry "CRO"]
[SourceTitle "CBM 139 Extra"]
[Source "ChessBase"]
[SourceDate "2011.01.05"]
[SourceVersion "1"]
[SourceVersionDate "2011.01.05"]
[SourceQuality "1"]

1. e4 e6 2. d4 d5 3. Nd2 Nf6 4. exd5 exd5 5. Ngf3 Bd6 6. Bd3 0-0 7. 0-0 Bg4 8. b3 Nbd7 9. Bb2 c6 10. c4 b6 11. Qc2 Bh5 12. Ne5 Qc7 13. cxd5 cxd5 14. Bxh7+ Nxh7 15. Qxc7 Bxc7 16. Nxd7 Rfe8 17. Ne5 f6 18. Nef3 Bf4 19. Rfe1 Kf7 20. h3 Rac8 21. Rxe8 Rxe8 22. Bc3 Rc8 23. Bb4 a5 24. Ba3 Rc2 25. Nf1 Bxf3 26. gxf3 Ng5 27. Kg2 Rc3 28. Re1 Nxf3 29. Re7+ Kg6 30. Ne3 Nh4+ 31. Kf1 Bxe3 32. Rxe3 Rxe3 33. fxe3 Nf5 34. Kf2 Kh5 35. Bc1 Kh4 36. Kg2 g5 37. a4 g4 38. hxg4 Kxg4 39. Kf2 Nd6 40. Ke2 Kf5 41. Ba3 Ke6 42. Bxd6 Kxd6 43. Kf3 Kd7 44. Kg4 Kd6 1/2-1/2

[Event "CRO-ch U19 Girls"]
[Site "Bjelolasica"]
[Date "2010.07.29"]
[Round "8"]
[White "Mijatovic, Andrea"]
[Black "Cacic, Marija"]
[Result "1-0"]
[WhiteElo "1898"]
[BlackElo "1650"]
[PlyCount "49"]
[EventDate "2010.07.25"]
[EventType "tourn"]
[EventRounds "10"]
[EventCountry "CRO"]
[SourceTitle "EXT 2011"]
[Source "ChessBase"]
[SourceDate "2010.11.26"]
[SourceVersion "1"]
[SourceVersionDate "2010.11.26"]
[SourceQuality "1"]

1. e4 e6 2. d4 d5 3. exd5 exd5 4. Nf3 Bg4 5. h3 Bh5 6. Qe2+ Qe7 7. Be3 Nf6 8. Nc3 c6 9. 0-0-0 Nbd7 10. g4 Bg6 11. Bg2 0-0-0 12. Nh4 Qb4 13. Nxg6 hxg6 14. a3 Qa5 15. g5 Nh5 16. Bd2 Qb6 17. Qf3 f6 18. Qd3 f5 19. Rde1 Bd6 20. Re6 Bf4 21. Nxd5 Bxd2+ 22. Qxd2 Qb5 23. Ne7+ Kb8 24. Nxg6 Rhg8 25. Bf3 1-0

[Event "CRO-ch U19 Girls"]
[Site "Bjelolasica"]
[Date "2010.07.26"]
[Round "2"]
[White "Starcevic, Andrea"]
[Black "Cacic, Marija"]
[Result "1-0"]
[WhiteElo "1766"]
[BlackElo "1650"]
[PlyCount "79"]
[EventDate "2010.07.25"]
[EventType "tourn"]
[EventRounds "10"]
[EventCountry "CRO"]
[SourceTitle "EXT 2011"]
[Source "ChessBase"]
[SourceDate "2010.11.26"]
[SourceVersion "1"]
[SourceVersionDate "2010.11.26"]
[SourceQuality "1"]

1. d4 Nf6 2. Bg5 d5 3. Bxf6 exf6 4. e3 Bf5 5. c4 dxc4 6. Nc3 Bb4 7. Bxc4 0-0 8. Nge2 Nc6 9. 0-0 a6 10. a3 Bxc3 11. Nxc3 Rb8 12. b4 b5 13. Ba2 Qd7 14. Rc1 Rfc8 15. Qd2 a5 16. Nd5 axb4 17. axb4 Kf8 18. Rc5 Be4 19. Rfc1 Bxd5 20. Bxd5 Ne7 21. Bf3 c6 22. h3 Qd6 23. Qc2 g6 24. Bxc6 Nxc6 25. Rxc6 Rxc6 26. Qxc6 Qxc6 27. Rxc6 Ke7 28. Rc5 Rb7 29. Kf1 f5 30. Ke2 Kd6 31. Kd3 f6 32. d5 Rb6 33. Kd4 h6 34. Rc8 h5 35. Rd8+ Kc7 36. Rg8 g5 37. Kc5 Rb7 38. Rg7+ Kc8 39. Rxb7 Kxb7 40. Kxb5 1-0

[Event "Busevec op U20 Girls 09th"]
[Site "Busevec"]
[Date "2010.05.08"]
[Round "5"]
[White "Cacic, Marija"]
[Black "Racki, Barbara"]
[Result "0-1"]
[WhiteElo "1650"]
[BlackElo "1775"]
[PlyCount "68"]
[EventDate "2010.05.07"]
[EventType "swiss (rapid)"]
[EventRounds "7"]
[EventCountry "CRO"]
[SourceTitle "EXT 2011"]
[Source "ChessBase"]
[SourceDate "2010.11.26"]
[SourceVersion "1"]
[SourceVersionDate "2010.11.26"]
[SourceQuality "1"]

1. d4 d5 2. c4 e6 3. Nc3 Nf6 4. e3 c6 5. Nf3 Bd6 6. Bd3 Nbd7 7. 0-0 0-0 8. b3 e5 9. cxd5 cxd5 10. dxe5 Nxe5 11. Be2 Ng6 12. h3 a6 13. Bb2 Bc7 14. Qc2 Qd6 15. Na4 Ne4 16. Bd4 Nh4 17. Rfc1 Bd8 18. Ne5 Bf5 19. Qd1 Bc7 20. f4 f6 21. Ng4 Rfe8 22. g3 Nxg3 23. Kh2 Ne4 24. Bd3 Ng6 25. Qc2 Rac8 26. Qb1 Nd2 27. Qb2 Nf3+ 28. Kg3 Bxd3 29. Kxf3 Bb8 30. Qd2 Be4+ 31. Kg3 Ne7 32. Nf2 Bg6 33. Kh2 Nf5 34. Bc5 Qe6 0-1

[Event "Busevec op U20 Girls 09th"]
[Site "Busevec"]
[Date "2010.05.07"]
[Round "2"]
[White "Kovacs, Klara"]
[Black "Cacic, Marija"]
[Result "1-0"]
[WhiteElo "2223"]
[BlackElo "1650"]
[PlyCount "45"]
[EventDate "2010.05.07"]
[EventType "swiss (rapid)"]
[EventRounds "7"]
[EventCountry "CRO"]
[SourceTitle "EXT 2011"]
[Source "ChessBase"]
[SourceDate "2010.11.26"]
[SourceVersion "1"]
[SourceVersionDate "2010.11.26"]
[SourceQuality "1"]

1. e4 e6 2. d4 d5 3. Nd2 c5 4. exd5 exd5 5. Ngf3 Nf6 6. Bb5+ Bd7 7. Bxd7+ Nbxd7 8. 0-0 Be7 9. dxc5 Nxc5 10. Nd4 0-0 11. Nf5 Ne6 12. Nb3 Re8 13. Be3 b6 14. Qf3 Rc8 15. c3 Qc7 16. Rad1 Red8 17. Nbd4 Bc5 18. Nxg7 Kxg7 19. Bh6+ Kg6 20. Qf5+ Kxh6 21. Qxf6+ Kh5 22. g4+ Kxg4 23. Qf5+ 1-0

[Event "Djakovo (Women) op 5th"]
[Site "Djakovo"]
[Date "2010.02.28"]
[Round "6"]
[White "Mrakovcic, Karmen"]
[Black "Cacic, Marija"]
[Result "1-0"]
[WhiteElo "1689"]
[BlackElo "1632"]
[PlyCount "59"]
[EventDate "2010.02.27"]
[EventType "swiss"]
[EventRounds "7"]
[EventCountry "CRO"]
[SourceTitle "CBM 135 Extra"]
[Source "ChessBase"]
[SourceDate "2010.05.04"]
[SourceVersion "1"]
[SourceVersionDate "2010.05.04"]
[SourceQuality "1"]

1. c4 Nf6 2. Nc3 g6 3. g3 Bg7 4. Bg2 0-0 5. Nf3 d6 6. 0-0 c6 7. d3 Nbd7 8. Rb1 a6 9. b4 b5 10. Nd2 Qb6 11. a4 Bb7 12. Qc2 Rfc8 13. Nb3 Ne8 14. Be3 c5 15. bxc5 dxc5 16. Nd5 Bxd5 17. Bxd5 Rab8 18. axb5 axb5 19. cxb5 Qd6 20. Bc6 Nef6 21. Nxc5 Nxc5 22. Qxc5 Ne8 23. Qxd6 Nxd6 24. Ba7 Rxc6 25. bxc6 Rc8 26. Rb8 Kf8 27. Rfb1 Ke8 28. Rxc8+ Nxc8 29. Rb8 Kd8 30. Bb6+ 1-0

[Event "Topusko op"]
[Site "Topusko"]
[Date "2009.11.22"]
[Round "4"]
[White "Cacic, Marija"]
[Black "Vujnovic, Marko"]
[Result "0-1"]
[WhiteElo "1644"]
[BlackElo "1919"]
[PlyCount "60"]
[EventDate "2009.11.20"]
[EventType "swiss"]
[EventRounds "7"]
[EventCountry "CRO"]
[SourceTitle "CBM 133 Extra"]
[Source "ChessBase"]
[SourceDate "2010.01.05"]
[SourceVersion "1"]
[SourceVersionDate "2010.01.05"]
[SourceQuality "1"]

1. d4 Nf6 2. c4 d6 3. Nc3 e5 4. dxe5 dxe5 5. Qxd8+ Kxd8 6. Bg5 Be6 7. 0-0-0+ Nbd7 8. e3 c6 9. Nf3 Kc7 10. Bh4 Bb4 11. Kc2 Bf5+ 12. Bd3 e4 13. Bg3+ Kc8 14. Nxe4 Bxe4 15. a3 Bxd3+ 16. Rxd3 Ba5 17. Rhd1 Bc7 18. Bh4 h6 19. Bxf6 Nxf6 20. Rd4 Bb6 21. Rf4 Rd8 22. Rxd8+ Kxd8 23. b4 Ke7 24. c5 Bc7 25. Rc4 Nd5 26. h3 a5 27. Kb3 axb4 28. axb4 Ra1 29. Nd2 Rg1 30. g3 Rg2 0-1

[Event "CRO-chT (Women) 18th"]
[Site "Sibenik"]
[Date "2009.09.21"]
[Round "1"]
[White "Saric, Kristina"]
[Black "Cacic, Marija"]
[Result "1-0"]
[WhiteElo "2193"]
[BlackElo "1654"]
[PlyCount "135"]
[EventDate "2009.09.21"]
[EventType "tourn"]
[EventRounds "9"]
[EventCountry "CRO"]
[SourceTitle "CBM 132 Extra"]
[Source "ChessBase"]
[SourceDate "2009.11.03"]
[SourceVersion "1"]
[SourceVersionDate "2009.11.03"]
[SourceQuality "1"]

1. e4 e6 2. d4 d5 3. Nc3 Bb4 4. e5 c5 5. a3 Bxc3+ 6. bxc3 Qa5 7. Bd2 c4 8. Qg4 g6 9. Nf3 Ne7 10. Qf4 h6 11. Be2 Bd7 12. 0-0 Ba4 13. Rfb1 b5 14. Rb2 Nd7 15. h4 Nf5 16. Re1 Qd8 17. Bf1 Qe7 18. Ra2 0-0-0 19. Qg4 Rh7 20. g3 Rg8 21. Bg2 Rhg7 22. Nh2 g5 23. h5 Nb6 24. Nf1 Qd7 25. Ne3 Ne7 26. Qf3 Nf5 27. Ng4 Rf8 28. Nf6 Qd8 29. Bh3 Ne7 30. Bg4 Nd7 31. Qd1 Ng8 32. Nxg8 Rgxg8 33. Qb1 f6 34. Bxe6 Rg7 35. Qb4 fxe5 36. Qc5+ Kb8 37. Qxd5 Qf6 38. Qd6+ Kc8 39. Bxd7+ Rxd7 40. Qxf6 Rxf6 41. Rxe5 Rdf7 42. Be3 a6 43. Ra1 Bxc2 44. Re1 Kd7 45. d5 Rf5 46. Re6 R7f6 47. Bd4 Rxe6 48. Rxe6 Rxd5 49. Rxh6 Rd6 50. Rh8 g4 51. h6 Be4 52. Kf1 Bf3 53. Rh7+ Ke8 54. Rh8+ Kf7 55. Rf8+ Kg6 56. Rh8 Kf7 57. Ke1 Re6+ 58. Be3 Rd6 59. Bd2 Re6+ 60. Kf1 Kg6 61. Rg8+ Kh7 62. Rg7+ Kh8 63. Be3 Rd6 64. Bd4 Rxh6 65. Rxg4+ Kh7 66. Rg7+ Kh8 67. Rf7+ Kg8 68. Rxf3 1-0

[Event "CRO-ch U17 Girls"]
[Site "Bjelolasica"]
[Date "2009.07.31"]
[Round "8"]
[White "Mrakovcic, Karmen"]
[Black "Cacic, Marija"]
[Result "1-0"]
[WhiteElo "1669"]
[BlackElo "1661"]
[PlyCount "59"]
[EventDate "2009.07.26"]
[EventType "swiss"]
[EventRounds "9"]
[EventCountry "CRO"]
[SourceTitle "EXT 2011"]
[Source "ChessBase"]
[SourceDate "2010.11.26"]
[SourceVersion "1"]
[SourceVersionDate "2010.11.26"]
[SourceQuality "1"]

1. c4 Nf6 2. Nc3 g6 3. g3 Bg7 4. Bg2 0-0 5. Nf3 d6 6. 0-0 Nbd7 7. d3 c6 8. Bd2 Qc7 9. Rb1 Rb8 10. b4 c5 11. Nb5 Qb6 12. bxc5 Nxc5 13. Nxd6 Qd8 14. Nxc8 Qxc8 15. Bf4 Ra8 16. Be3 Nfd7 17. d4 Ne4 18. Qd3 Nd6 19. Nd2 Rb8 20. Bf4 b6 21. Ne4 Nxe4 22. Bxb8 Nxf2 23. Rxf2 Qxb8 24. c5 Rd8 25. Qc4 e6 26. c6 Qc7 27. Rc1 Nf8 28. d5 Bh6 29. Rc3 Bg7 30. Rd3 1-0

[Event "CRO-ch U17 Girls"]
[Site "Bjelolasica"]
[Date "2009.07.27"]
[Round "3"]
[White "Kukic, Lora"]
[Black "Cacic, Marija"]
[Result "1-0"]
[WhiteElo "1675"]
[BlackElo "1661"]
[PlyCount "101"]
[EventDate "2009.07.26"]
[EventType "swiss"]
[EventRounds "9"]
[EventCountry "CRO"]
[SourceTitle "EXT 2011"]
[Source "ChessBase"]
[SourceDate "2010.11.26"]
[SourceVersion "1"]
[SourceVersionDate "2010.11.26"]
[SourceQuality "1"]

1. d4 Nf6 2. Nf3 g6 3. c4 Bg7 4. Nc3 d6 5. e4 Nbd7 6. Bg5 0-0 7. Qd2 Re8 8. Be2 b6 9. 0-0 Bb7 10. d5 c6 11. Rac1 Qc7 12. b4 c5 13. b5 e6 14. Rfe1 exd5 15. exd5 Ne5 16. Nxe5 Rxe5 17. Bf4 Ree8 18. Bf3 Qd7 19. Rxe8+ Rxe8 20. Re1 Bf8 21. Kf1 Bc8 22. h3 Rxe1+ 23. Qxe1 Qe7 24. Qxe7 Bxe7 25. Ke2 Kg7 26. Kd2 h5 27. Kc2 Bf5+ 28. Kb3 Nd7 29. g4 hxg4 30. hxg4 Bd3 31. Be4 Bf1 32. Bf3 Ne5 33. Bxe5+ dxe5 34. Ne4 f5 35. gxf5 gxf5 36. Ng3 Bd3 37. Kc3 Bb1 38. a4 Kg6 39. Be2 e4 40. Kb2 f4 41. Kxb1 fxg3 42. fxg3 Kg5 43. Kc1 Bd6 44. g4 Kf4 45. Kd2 Be7 46. Bd1 Bd6 47. Ke1 Ke3 48. g5 Be5 49. g6 Bc3+ 50. Kf1 Kd2 51. Be2 1-0

[Event "Busevec op U20 Girls"]
[Site "Busevec"]
[Date "2009.06.13"]
[Round "6"]
[White "Racki, Barbara"]
[Black "Cacic, Marija"]
[Result "1-0"]
[WhiteElo "1661"]
[BlackElo "1658"]
[PlyCount "59"]
[EventDate "2009.06.11"]
[EventType "swiss"]
[EventRounds "7"]
[EventCountry "CRO"]
[SourceTitle "CBM 130 Extra"]
[Source "ChessBase"]
[SourceDate "2009.07.02"]
[SourceVersion "2"]
[SourceVersionDate "2009.07.15"]
[SourceQuality "1"]

1. e4 c6 2. d4 d5 3. exd5 cxd5 4. Bd3 Nc6 5. c3 Nf6 6. Bf4 e6 7. Nf3 Bd6 8. Bxd6 Qxd6 9. 0-0 0-0 10. Nbd2 Bd7 11. Re1 Rac8 12. Nf1 a6 13. Ng3 b5 14. Qd2 Na5 15. Qg5 h6 16. Qd2 Nc4 17. Qe2 Rc7 18. Ne5 Rfc8 19. Rab1 Be8 20. Bc2 a5 21. a3 b4 22. axb4 axb4 23. Nxc4 Rxc4 24. Bd3 R4c7 25. Ra1 bxc3 26. bxc3 Rxc3 27. Ra6 Qb4 28. Qd2 Qxd4 29. Bh7+ Nxh7 30. Qxd4 1-0

[Event "Busevec op U20 Girls"]
[Site "Busevec"]
[Date "2009.06.12"]
[Round "3"]
[White "Cacic, Marija"]
[Black "Rozic, Lucija"]
[Result "1-0"]
[WhiteElo "1658"]
[BlackElo "1628"]
[PlyCount "125"]
[EventDate "2009.06.11"]
[EventType "swiss"]
[EventRounds "7"]
[EventCountry "CRO"]
[SourceTitle "CBM 130 Extra"]
[Source "ChessBase"]
[SourceDate "2009.07.02"]
[SourceVersion "2"]
[SourceVersionDate "2009.07.15"]
[SourceQuality "1"]

1. e4 c6 2. d4 d5 3. e5 Bf5 4. Bd3 Bxd3 5. Qxd3 e6 6. f4 Ne7 7. Nf3 Qb6 8. c3 Nd7 9. b4 a5 10. a3 h5 11. Be3 Nf5 12. bxa5 Qxa5 13. 0-0 Nb6 14. Bc1 Be7 15. Nbd2 Na4 16. c4 Nc3 17. Nb3 Ne2+ 18. Qxe2 Qc3 19. Qb2 Qxc4 20. Nbd2 Qa6 21. Qc3 Kd7 22. Nb3 b6 23. Bb2 Rag8 24. Rac1 Qb5 25. Rf2 g5 26. fxg5 Bxg5 27. Nxg5 Rxg5 28. Rfc2 Rhg8 29. Qxc6+ Qxc6 30. Rxc6 Rxg2+ 31. Kh1 Ne7 32. R6c2 R2g4 33. Rc7+ Kd8 34. a4 Rg1+ 35. Rxg1 Rxg1+ 36. Kxg1 Kxc7 37. Kf2 Kc6 38. Ke3 b5 39. axb5+ Kxb5 40. Nd2 Nf5+ 41. Kd3 Kc6 42. Nf3 Kd7 43. Bc1 Ke7 44. Bg5+ Kf8 45. Bf6 Nh6 46. h4 Kg8 47. Ke3 Kh7 48. Kf4 Kg6 49. Bg5 Nf5 50. Bf6 Nh6 51. Be7 Nf5 52. Bf8 f6 53. exf6 Kxf6 54. Bc5 Nh6 55. Bb6 Nf5 56. Bd8+ Kf7 57. Kg5 Ng3 58. Bc7 Ne4+ 59. Kxh5 Kf6 60. Be5+ Kf5 61. Ng5 Nf2 62. Nf7 Ng4 63. Nd6# 1-0

[Event "CRO-chT U16 Girls"]
[Site "Nasice"]
[Date "2008.12.29"]
[Round "6"]
[White "Cacic, Marija"]
[Black "Grguric, Daria"]
[Result "0-1"]
[WhiteElo "1672"]
[BlackElo "1896"]
[PlyCount "54"]
[EventDate "2008.12.27"]
[EventType "tourn"]
[EventRounds "7"]
[EventCountry "CRO"]
[SourceTitle "CBM 128 Extra"]
[Source "ChessBase"]
[SourceDate "2009.03.05"]
[SourceVersion "2"]
[SourceVersionDate "2009.03.25"]
[SourceQuality "1"]

1. e4 e6 2. d4 d5 3. exd5 exd5 4. Bd3 c5 5. dxc5 Bxc5 6. Nc3 Be6 7. Nf3 Nf6 8. 0-0 0-0 9. Bg5 a6 10. h3 Nc6 11. Qd2 Re8 12. Na4 Be7 13. b3 b5 14. Nb2 Rc8 15. Rfe1 Bb4 16. c3 Be7 17. b4 Kh8 18. a3 d4 19. cxd4 Nxd4 20. Qe3 Nc2 21. Bxc2 Rxc2 22. Red1 Nd5 23. Qd3 Rxb2 24. Bxe7 Qxe7 25. Re1 h6 26. Nd4 Qf6 27. Rac1 Qxf2+ 0-1

[Event "Velika Gorica op 8th"]
[Site "Velika Gorica"]
[Date "2008.08.24"]
[Round "3"]
[White "Hibner, Branko"]
[Black "Cacic, Marija"]
[Result "1/2-1/2"]
[WhiteElo "2080"]
[BlackElo "1631"]
[PlyCount "132"]
[EventDate "2008.08.23"]
[EventType "swiss"]
[EventRounds "9"]
[EventCountry "CRO"]
[SourceTitle "CBM 126 Extra"]
[Source "ChessBase"]
[SourceDate "2008.11.05"]
[SourceVersion "1"]
[SourceVersionDate "2008.11.05"]
[SourceQuality "1"]

1. Nf3 d5 2. c4 e6 3. g3 Nf6 4. Bg2 c6 5. 0-0 Bd6 6. Nc3 0-0 7. d3 Nbd7 8. e4 dxe4 9. dxe4 Qc7 10. Qc2 b6 11. Bg5 h6 12. Bxf6 Nxf6 13. e5 Bxe5 14. Nxe5 Qxe5 15. Bxc6 Rb8 16. Bf3 Bb7 17. Rfe1 Qc7 18. Bxb7 Rxb7 19. Ne4 Nxe4 20. Qxe4 Rbb8 21. b4 Rbc8 22. Rac1 Rfd8 23. Qe3 Qd7 24. c5 Qb5 25. cxb6 axb6 26. a3 Rxc1 27. Rxc1 Rd3 28. Rc8+ Kh7 29. Qe4+ g6 30. Kg2 Rxa3 31. Rc7 Kg7 32. Qxe6 Qf5 33. Qxf5 gxf5 34. Rc6 Rb3 35. Rxb6 Rb2 36. Kf3 f6 37. Rb8 Kf7 38. Rb6 Kg7 39. Rb7+ Kg6 40. h4 h5 41. Rb5 Rb3+ 42. Kf4 Rb2 43. f3 Rb3 44. Rb7 Rb2 45. Ke3 Rb3+ 46. Kf4 Rb2 47. Rb8 Rb3 48. Rg8+ Kf7 49. Rb8 Kg6 50. Rb6 Rb2 51. Rb5 Rb3 52. g4 fxg4 53. fxg4 hxg4 54. Kxg4 Rb1 55. h5+ Kh6 56. Kf5 Rf1+ 57. Ke6 Rf4 58. Kd6 f5 59. Rb8 Kxh5 60. Ke5 Rf1 61. b5 f4 62. Ke4 Kg4 63. Rg8+ Kh3 64. b6 Rb1 65. Rg6 Rb4+ 66. Kf3 Kh4 1/2-1/2

[Event "CRO-ch U17 Girls"]
[Site "Bjelolasica"]
[Date "2008.07.23"]
[Round "6"]
[White "Cacic, Marija"]
[Black "Mrakovcic, Karmen"]
[Result "1/2-1/2"]
[WhiteElo "1631"]
[BlackElo "1685"]
[PlyCount "44"]
[EventDate "2008.07.20"]
[EventType "swiss"]
[EventRounds "9"]
[EventCountry "CRO"]
[SourceTitle "CBM 125 Extra"]
[Source "ChessBase"]
[SourceDate "2008.09.01"]
[SourceVersion "1"]
[SourceVersionDate "2008.09.01"]
[SourceQuality "1"]

1. d4 Nf6 2. c4 g6 3. Nc3 Bg7 4. e3 d6 5. Bd3 Nbd7 6. Nge2 0-0 7. 0-0 e5 8. d5 Nc5 9. e4 Nxd3 10. Qxd3 Nh5 11. Be3 a6 12. a4 f5 13. exf5 Bxf5 14. Qd2 Rf7 15. f3 Bd7 16. b3 Qe7 17. Rad1 b6 18. Ne4 Rff8 19. Bh6 Bxh6 20. Qxh6 Nf4 21. Nxf4 Rxf4 22. Qg5 Qf7 1/2-1/2